[Event "Pfaeffikon Acrevis op 2nd"]
[Site "Pfaeffikon"]
[Date "2022.07.28"]
[Round "1"]
[White "Panda, Barnabas"]
[Black "Borsos, Bogdan"]
[Result "0-1"]
[WhiteElo "1785"]
[BlackElo "2173"]
[PlyCount "84"]
[EventDate "2022.07.28"]
[EventType "swiss"]
[EventRounds "6"]
[EventCountry "SUI"]
[SourceTitle "EXT 2023"]
[Source "ChessBase"]
[SourceDate "2022.10.05"]
[SourceVersion "1"]
[SourceVersionDate "2022.10.05"]
[SourceQuality "1"]

1. d4 Nf6 2. c4 e6 3. Nc3 Bb4 4. Qc2 c5 5. dxc5 Bxc5 6. Nf3 Nc6 7. Bg5 h6 8. Bh4 Qa5 9. Bxf6 gxf6 10. Rd1 Bb4 11. a3 Bxc3+ 12. Qxc3 Qxc3+ 13. bxc3 b6 14. e3 Rg8 15. Nd4 Ke7 16. Nxc6+ dxc6 17. Be2 Ba6 18. g3 Rad8 19. c5 Bxe2 20. Kxe2 bxc5 21. Rxd8 Rxd8 22. Rb1 Rd7 23. a4 f5 24. f4 c4 25. Rb4 Kd6 26. a5 Kc5 27. a6 Rd3 28. Rb7 Rxc3 29. Rxa7 Rc2+ 30. Kd1 Ra2 31. Rxf7 Rxa6 32. Re7 c3 33. Rxe6 Kc4 34. Kc2 Ra2+ 35. Kc1 Kb3 36. Kd1 Rxh2 37. Rxc6 c2+ 38. Kc1 Rh1+ 39. Kd2 Rd1+ 40. Ke2 c1Q 41. Rxc1 Rxc1 42. Kf3 h5 0-1

[Event "HUN-chT1 Maroczy 2122"]
[Site "Hungary"]
[Date "2021.10.31"]
[Round "2.11"]
[White "Panda, Barnabas"]
[Black "Kis, Bela"]
[Result "0-1"]
[WhiteElo "1700"]
[BlackElo "1975"]
[PlyCount "72"]
[EventDate "2021.10.10"]
[EventType "team-tourn"]
[EventRounds "11"]
[EventCountry "HUN"]
[SourceTitle "EXT 2025"]
[Source "ChessBase"]
[SourceDate "2024.10.14"]
[SourceVersion "1"]
[SourceVersionDate "2024.10.14"]
[SourceQuality "1"]
[WhiteTeam "Kecskemet TLSE"]
[BlackTeam "Vasas"]
[WhiteTeamCountry "HUN"]
[BlackTeamCountry "HUN"]

1. d4 Nf6 2. c4 g6 3. Nc3 d5 4. cxd5 Nxd5 5. e4 Nxc3 6. bxc3 Bg7 7. Bc4 c5 8. Ne2 Nc6 9. Be3 0-0 10. 0-0 Qc7 11. Rc1 Rd8 12. Qd2 a6 13. Rfd1 b5 14. Bd3 e6 15. h4 Bb7 16. h5 Rd7 17. h6 Bh8 18. Qe1 Rad8 19. Bb1 Na5 20. e5 Nc4 21. Bg5 Rc8 22. Ng3 Nb2 23. Rd2 cxd4 24. Rxb2 dxc3 25. Re2 Rd5 26. Be4 Qxe5 27. Bxd5 Qxd5 28. f3 Qxg5 29. Ne4 Bxe4 30. Rxe4 Qxh6 31. Rc2 Rc6 32. a4 Qf8 33. axb5 axb5 34. Qb1 Qc5+ 35. Kh1 Bd4 36. Qa2 Qh5+ 0-1

[Event "SVK-ch Amateur"]
[Site "Topolcany"]
[Date "2020.07.11"]
[Round "3"]
[White "Panda, Barnabas"]
[Black "Kucera, Michal"]
[Result "0-1"]
[WhiteElo "1741"]
[BlackElo "1991"]
[PlyCount "88"]
[EventDate "2020.07.10"]
[EventType "swiss"]
[EventRounds "7"]
[EventCountry "SVK"]
[SourceTitle "EXT 2021"]
[Source "ChessBase"]
[SourceDate "2020.10.23"]
[SourceVersion "1"]
[SourceVersionDate "2020.10.23"]
[SourceQuality "1"]

1. d4 Nf6 2. c4 e6 3. Nc3 Bb4 4. Qc2 0-0 5. a3 Bxc3+ 6. Qxc3 d6 7. Nf3 Nbd7 8. e3 b6 9. b4 c5 10. Bb2 Ne4 11. Qc2 Bb7 12. Bd3 f5 13. 0-0 Qe7 14. Rfd1 Rac8 15. dxc5 dxc5 16. Bxe4 Bxe4 17. Qa4 Nf6 18. Ne5 Rfd8 19. f3 Ba8 20. Rac1 Rc7 21. Rxd8+ Qxd8 22. Rd1 Qe7 23. Rd2 Rc8 24. Nd7 Bc6 25. Qxa7 Nxd7 26. b5 Bxb5 27. cxb5 Rd8 28. Be5 Kf7 29. Bc7 Rc8 30. Qb7 Re8 31. Bd6 Qd8 32. Bf8 Kxf8 33. Rxd7 Qf6 34. Qxb6 Qa1+ 35. Kf2 Qb2+ 36. Kg3 Qe5+ 37. Kh3 Qxe3 38. Qd6+ Kg8 39. a4 g5 40. Qd2 g4+ 41. Kh4 Qe5 42. Qg5+ Kh8 43. Qh6 Qxh2+ 44. Kg5 Rg8+ 0-1